[Event "DSOL 07 Liga Gr-A 1st"]
[Site "Playchess.com INT"]
[Date "2020.07.29"]
[Round "6.2"]
[White "Fox, Sascha"]
[Black "Stracke, Andre"]
[Result "1-0"]
[WhiteElo "1763"]
[BlackElo "1530"]
[PlyCount "103"]
[EventDate "2020.06.22"]
[EventType "team-tourn (rapid)"]
[EventCountry "GER"]
[SourceTitle "EXT 2021"]
[Source "ChessBase"]
[SourceDate "2020.10.23"]
[SourceVersion "1"]
[SourceVersionDate "2020.10.23"]
[SourceQuality "1"]
[WhiteTeam "Erbendorf"]
[BlackTeam "Lennep SF"]
[WhiteTeamCountry "GER"]
[BlackTeamCountry "GER"]

1. d4 d5 2. Nf3 Nf6 3. e3 Bf5 4. c4 c6 5. Qb3 Qc7 6. Nc3 e6 7. Bd2 Be7 8. Rc1 0-0 9. cxd5 exd5 10. Nxd5 Nxd5 11. Qxd5 Be6 12. Qh5 h6 13. Bd3 Nd7 14. a3 Nf6 15. Qa5 Qd7 16. Ne5 Qd5 17. Qxd5 Bxd5 18. f3 Rfe8 19. 0-0 Rad8 20. b4 Bd6 21. Nc4 Bxc4 22. Bxc4 g5 23. e4 Bf8 24. Bc3 Nh5 25. g3 Bg7 26. d5 cxd5 27. Bxd5 Bxc3 28. Rxc3 Rd7 29. Rfc1 Ree7 30. Kf2 Kg7 31. R1c2 f5 32. Rc8 Nf6 33. Re2 fxe4 34. Bxe4 b6 35. Bc6 Rxe2+ 36. Kxe2 Re7+ 37. Kd3 Kg6 38. Be4+ Nxe4 39. fxe4 Kf6 40. Rc6+ Kg7 41. Kd4 Rf7 42. e5 Rf2 43. h4 gxh4 44. gxh4 Rf4+ 45. Kd5 Rxh4 46. Rc7+ Kf8 47. Rxa7 Rh5 48. Kd6 Rf5 49. e6 Rf3 50. Ra8+ Kg7 51. e7 Re3 52. e8Q 1-0

[Event "DSOL 07 Liga Gr-A 1st"]
[Site "Playchess.com INT"]
[Date "2020.07.22"]
[Round "5.2"]
[White "Stracke, Andre"]
[Black "Thoss, Silvio"]
[Result "0-1"]
[WhiteElo "1530"]
[BlackElo "1351"]
[PlyCount "66"]
[EventDate "2020.06.22"]
[EventType "team-tourn (rapid)"]
[EventCountry "GER"]
[SourceTitle "EXT 2021"]
[Source "ChessBase"]
[SourceDate "2020.10.23"]
[SourceVersion "1"]
[SourceVersionDate "2020.10.23"]
[SourceQuality "1"]
[WhiteTeam "Lennep SF"]
[BlackTeam "Thuering Foederverein"]
[WhiteTeamCountry "GER"]
[BlackTeamCountry "GER"]

1. e4 d5 2. exd5 Qxd5 3. Nc3 Qa5 4. d4 Nf6 5. Nf3 c6 6. Bd2 Bf5 7. Bc4 e6 8. 0-0 Qc7 9. Re1 Nbd7 10. Bb3 Be7 11. Qe2 0-0-0 12. d5 cxd5 13. Bxd5 Nxd5 14. Nxd5 exd5 15. Qxe7 Be6 16. Qa3 Kb8 17. Ba5 b6 18. Bb4 Nc5 19. Nd4 Rhe8 20. Nb5 Qd7 21. Qg3+ Kb7 22. c4 dxc4 23. Nc3 Nd3 24. Red1 Qc6 25. Ba3 g6 26. Ne2 Rd7 27. Nf4 Red8 28. Nxe6 Qxe6 29. b3 c3 30. Qf3+ Qc6 31. Qh3 c2 32. Rf1 Nf4 33. Qg3 Ne2+ 0-1

[Event "DSOL 07 Liga Gr-A 1st"]
[Site "Playchess.com INT"]
[Date "2020.07.10"]
[Round "3.2"]
[White "Neumeier, Erich"]
[Black "Stracke, Andre"]
[Result "1/2-1/2"]
[WhiteElo "1601"]
[BlackElo "1530"]
[PlyCount "69"]
[EventDate "2020.06.22"]
[EventType "team-tourn (rapid)"]
[EventCountry "GER"]
[SourceTitle "EXT 2021"]
[Source "ChessBase"]
[SourceDate "2020.10.23"]
[SourceVersion "1"]
[SourceVersionDate "2020.10.23"]
[SourceQuality "1"]
[WhiteTeam "Bettringen"]
[BlackTeam "Lennep SF"]
[WhiteTeamCountry "GER"]
[BlackTeamCountry "GER"]

1. e4 e5 2. Nf3 Nc6 3. d4 exd4 4. Nxd4 Qh4 5. Nc3 Bb4 6. Qd3 Nf6 7. Nf5 Qxe4+ 8. Be3 Qxd3 9. Bxd3 0-0 10. 0-0 d5 11. Nd4 Ne5 12. Ndb5 Nxd3 13. cxd3 c5 14. a3 Ba5 15. Bxc5 Rd8 16. b4 Bb6 17. Bxb6 axb6 18. Rfe1 Be6 19. Nc7 Rac8 20. N3b5 Ne8 21. Nxe6 fxe6 22. Rxe6 Rc2 23. Rxb6 Rdc8 24. h3 Rd2 25. d4 Rcc2 26. Rf1 Nf6 27. Nd6 Nh5 28. Rxb7 h6 29. Nf5 g6 30. Nxh6+ Kh8 31. Ng4 Nf4 32. Re1 Ne2+ 33. Kh2 Rxd4 34. b5 Ra4 35. Ne3 1/2-1/2